Vista normal
Vista MARC
Entrada Personal Name
Número de registros utilizados en: 1
001 - CONTROL NUMBER
- control field: 10204
003 - CONTROL NUMBER IDENTIFIER
- control field: Mx-PuUPA
005 - DATE AND TIME OF LATEST TRANSACTION
- control field: 20191105150630.0
008 - FIXED-LENGTH DATA ELEMENTS
- fixed length control field: 191105|| aca||aabn | a|a d
040 ## - CATALOGING SOURCE
- Original cataloging agency: Mx-PuUPA
- Language of cataloging: spa
- Transcribing agency: Mx-PuUPA
- Modifying agency: Mx-PuUPA
- Description conventions: rda
100 1# - HEADING--PERSONAL NAME
- Personal name: Castro Alegría, Rafael Fernando,
374 ## - OCCUPATION
- Occupation: Autor
375 ## - GENDER
- Gender: hombre
377 ## - ASSOCIATED LANGUAGE
- Language code: spa
400 1# - SEE FROM TRACING--PERSONAL NAME
- Personal name: Alegría, Rafael Fernando Castro
670 ## - SOURCE DATA FOUND
- Source citation: The region is what we say it is: The speeches of Lula da Silva and Hugo Chávez in the construction of Latin America integration, 2018:
- Information found: t.p.(Rfael Fernando Castro Alegría) de portada